[Event "MCR juniorek2016"]
[Site "?"]
[Date "2016.11.14"]
[Round "2.7"]
[White "Hartingerova, Martina"]
[Black "Volaninova, Sarka"]
[Result "1-0"]
[WhiteElo "1696"]
[BlackElo "1783"]
[PlyCount "139"]
[EventDate "2016.??.??"]
[SourceDate "2016.11.14"]

1. d4 Nf6 2. c4 e6 3. Nc3 Bb4 4. f3 Bxc3+ 5. bxc3 d5 6. cxd5 exd5 7. Ba3 Nc6 8.
e3 Ne7 9. Bd3 O-O 10. Ne2 Re8 11. Qc2 Ng6 12. e4 dxe4 13. fxe4 Ng4 14. Qd2 Qf6
15. Ng3 Nf4 16. Bc2 Nd5 17. Bb3 Qa6 18. Bb2 Nge3 19. Bxd5 Nxd5 20. O-O-O Nb6
21. Qf4 Qxa2 22. Rhf1 Rf8 23. Rf2 Nc4 24. Qxc7 Bg4 25. Rdf1 Nxb2 26. Rxb2 Qa1+
27. Kc2 Qa4+ 28. Kd2 b6 29. h3 Bd7 30. Nh5 Qc6 31. Qg3 Qg6 32. Qxg6 hxg6 33.
Nf4 Rfe8 34. Ke3 Bf5 35. e5 f6 36. g4 fxe5 37. gxf5 exf4+ 38. Kxf4 gxf5 39. Rg1
Rf8 40. Rb5 Rac8 41. Rg3 Rc6 42. Rxf5 a5 43. Rxf8+ Kxf8 44. Ke5 Kf7 45. Kd5 Rf6
46. c4 g6 47. Re3 Rf5+ 48. Kc6 Rf6+ 49. Kb5 Rd6 50. Re4 Kf6 51. c5 bxc5 52.
dxc5 Rd3 53. h4 Rc3 54. Ra4 Ke5 55. Rxa5 Kd5 56. Kb6 Rc4 57. Rb5 Rxh4 58. c6+
Kd6 59. Rb3 Rc4 60. Rd3+ Ke5 61. c7 Kf4 62. Kb7 g5 63. Rd6 Rxc7+ 64. Kxc7 g4
65. Rf6+ Kg3 66. Kd6 Kg2 67. Ke5 g3 68. Kf4 Kf2 69. Kg4+ Kg2 70. Rf3 1-0

[Event "MCR juniorek2016"]
[Site "?"]
[Date "2016.11.14"]
[Round "2.2"]
[White "Pychova, Nela"]
[Black "Dumkova, Daniela"]
[Result "1-0"]
[WhiteElo "2054"]
[BlackElo "1955"]
[PlyCount "107"]
[EventDate "2016.??.??"]

1. c4 b6 2. Nf3 c5 3. g3 Bb7 4. Bg2 Nf6 5. O-O e6 6. Nc3 Be7 7. d3 O-O 8. a3 a6
9. Rb1 d6 10. b4 Nbd7 11. Bd2 Qc7 12. Qb3 cxb4 13. axb4 Rfc8 14. Rfc1 Qd8 15.
Ra1 d5 16. Ra2 dxc4 17. dxc4 Ne4 18. Nxe4 Bxe4 19. Ne1 Nf6 20. Be3 Qc7 21. f3
Bb7 22. Nd3 Nd7 23. Rac2 h6 24. Qc3 a5 25. bxa5 Rxa5 26. Qe1 Rca8 27. Bh3 Nc5
28. Kf2 Ra3 29. Bf1 Ra2 30. Qd1 R2a6 31. Rb1 Bc6 32. Nxc5 Bxc5 33. Bxc5 bxc5
34. Rd2 Ra4 35. e3 Kf8 36. Be2 Ke7 37. Qc2 R4a7 38. Qc3 f6 39. Rdb2 Ra3 40. Rb3
Ra2 41. R1b2 Qa5 42. Qc2 Rxb2 43. Rxb2 Kf7 44. h4 g6 45. h5 f5 46. hxg6+ Kxg6
47. Rb1 Qc7 48. Qb2 Rg8 49. Qa3 Kf7 50. f4 Qe7 51. Rb6 Be4 52. Rb5 Rc8 53. Qb2
Qf6 54. Rb7+ 1-0

[Event "MCR juniorek2016"]
[Site "?"]
[Date "2016.11.14"]
[Round "2.6"]
[White "Ambrozova, Lucie"]
[Black "Bierska, Adela"]
[Result "1-0"]
[WhiteElo "1830"]
[BlackElo "1613"]
[PlyCount "103"]
[EventDate "2016.??.??"]

1. e4 e6 2. d4 d5 3. Nd2 c5 4. exd5 exd5 5. Ngf3 Nf6 6. Be2 Bf5 7. O-O Bd6 8.
dxc5 Bxc5 9. Nb3 Bd6 10. Bg5 Nbd7 11. c3 O-O 12. Bh4 Re8 13. Re1 Qb6 14. Nbd4
Bg6 15. Qb3 Qd8 16. Bb5 Rxe1+ 17. Rxe1 Nc5 18. Qd1 Nce4 19. Ba4 a6 20. Bb3 Qc7
21. Nc2 Ng4 22. h3 Bh2+ 23. Kf1 Ngxf2 24. Bxf2 Nxf2 25. Kxf2 Bg3+ 26. Kf1 Bxc2
27. Bxc2 Bxe1 28. Qxe1 Qc4+ 29. Qe2 Qxa2 30. Nd4 g6 31. Bb3 Qb1+ 32. Kf2 Qe4
33. Qxe4 dxe4 34. Bd5 Rb8 35. Bxe4 b6 36. Bd3 a5 37. Bb5 Kg7 38. Ke3 f5 39. Kd3
Kf6 40. Kc4 Kg5 41. Bc6 Kh4 42. Kb5 Kg3 43. Bf3 f4 44. Nc6 Rb7 45. Nxa5 Rd7 46.
Nc4 Rd3 47. Kxb6 Rxf3 48. gxf3 Kxf3 49. b4 g5 50. Kc5 h5 51. b5 Kg2 52. b6 1-0

[Event "MCR juniorek2016"]
[Site "?"]
[Date "2016.11.14"]
[Round "2.3"]
[White "Pokorna, Jana"]
[Black "Beluska, Tereza"]
[Result "0-1"]
[WhiteElo "1564"]
[BlackElo "1982"]
[PlyCount "114"]
[EventDate "2016.??.??"]

1. e4 e6 2. d4 d5 3. Nd2 Nf6 4. e5 Nfd7 5. Bd3 c5 6. c3 Nc6 7. Ne2 cxd4 8. cxd4
f6 9. exf6 Nxf6 10. Nf3 Bd6 11. Bf4 Qa5+ 12. Bd2 Qc7 13. Rc1 O-O 14. O-O Bd7
15. b4 a6 16. a4 Qb8 17. b5 axb5 18. Bxb5 Ne4 19. Ng3 Nxd2 20. Nxd2 Qd8 21. Nf3
Ne7 22. Re1 Ng6 23. Ng5 Nf4 24. Bxd7 Qxd7 25. Rb1 h6 26. Nf3 Rf7 27. Ra1 Raf8
28. Ne5 Bxe5 29. Rxe5 Qe7 30. Ne2 Ng6 31. Re3 Rxf2 32. Ng3 Qf6 33. Raa3 Nh4 34.
Re2 Nxg2 35. Qd3 Rxe2 36. Qxe2 Nf4 37. Qd1 Nh3+ 38. Kg2 Ng5 39. Qe2 Qf4 40. Rd3
Rc8 41. Qf2 Qxf2+ 42. Kxf2 Rc2+ 43. Ne2 Ra2 44. Rb3 Ne4+ 45. Ke3 Nd6 46. Rb4
Kf7 47. Kf3 Kf6 48. h3 g5 49. Ng3 Ra3+ 50. Kg2 Nf5 51. Nxf5 Kxf5 52. Rxb7 Rxa4
53. Rf7+ Kg6 54. Re7 Kf6 55. Rh7 Rxd4 56. Rxh6+ Ke5 57. Rh8 Kf4 0-1

[Event "MCR juniorek2016"]
[Site "?"]
[Date "2016.11.14"]
[Round "2.1"]
[White "Brunova, Blanka"]
[Black "Kanakova, Natalie"]
[Result "0-1"]
[WhiteElo "1928"]
[BlackElo "2116"]
[PlyCount "90"]
[EventDate "2016.??.??"]

1. e4 c5 2. c3 Nf6 3. e5 Nd5 4. d4 cxd4 5. Nf3 Nc6 6. cxd4 d6 7. Bc4 dxe5 8.
dxe5 Ndb4 9. Qe2 Bf5 10. Na3 Nd3+ 11. Kf1 a6 12. Bg5 b5 13. Nxb5 axb5 14. Bxb5
Qd5 15. Nd4 Rc8 16. Bxc6+ Rxc6 17. Nxc6 Qxc6 18. Rd1 h6 19. Bh4 Nf4 20. Qf3
Qxf3 21. gxf3 Bh3+ 22. Ke1 Ng2+ 23. Ke2 Nxh4 24. Rd4 g5 25. Rhd1 f6 26. Rd8+
Kf7 27. a4 Bg2 28. R1d3 Ng6 29. e6+ Kxe6 30. Re3+ Kf7 31. a5 Nf4+ 32. Kd2 e6
33. Rb8 Bf1 34. Re1 Ba6 35. Rc1 Nd5 36. Kc2 Bg7 37. Rxh8 Bxh8 38. Kb3 f5 39.
Rc6 Bb7 40. Rc5 Bd4 41. Rc4 Bxf2 42. Ka4 Ke7 43. b4 Kd6 44. Kb5 Nc7+ 45. Ka4
Bc6+ 0-1

[Event "MCR juniorek2016"]
[Site "?"]
[Date "2016.11.15"]
[Round "2.5"]
[White "Janska, Jitka"]
[Black "Novotna, Tereza"]
[Result "1-0"]
[WhiteElo "2125"]
[BlackElo "1672"]
[PlyCount "79"]
[EventDate "2016.??.??"]
[SourceDate "2016.11.15"]

1. e4 c6 2. d4 d5 3. exd5 cxd5 4. c4 Nf6 5. Nc3 Nc6 6. Bg5 Be6 7. Be2 Qa5 8.
Qd2 Rd8 9. Bxf6 exf6 10. c5 g6 11. Bf3 Bg7 12. Nge2 f5 13. O-O O-O 14. a3 a6
15. b4 Qc7 16. Na4 Qe7 17. Rad1 Qf6 18. g3 g5 19. Bg2 h5 20. Nb6 Bh6 21. f4 h4
22. fxg5 Bxg5 23. Nf4 Qh6 24. Qd3 Ne7 25. Rde1 Kg7 26. Qe3 Rh8 27. Nxe6+ fxe6
28. Qxe6 hxg3 29. Qxh6+ Rxh6 30. hxg3 Kf7 31. Bxd5+ Nxd5 32. Rxf5+ Kg6 33. Rxd5
Rxd5 34. Nxd5 Kf5 35. Re5+ Kg6 36. Ne7+ Kh5 37. d5 Rf6 38. d6 Rf3 39. d7 Rd3
40. Nd5 1-0

[Event "MCR juniorek2016"]
[Site "?"]
[Date "2016.11.15"]
[Round "2.4"]
[White "Suchmelova, Simona"]
[Black "Vlkova, Anezka"]
[Result "1-0"]
[WhiteElo "1963"]
[BlackElo "1898"]
[PlyCount "55"]
[EventDate "2016.??.??"]
[SourceDate "2016.11.15"]

1. e4 c5 2. Nf3 d6 3. d4 cxd4 4. Nxd4 Nf6 5. Nc3 g6 6. g3 Nc6 7. Nde2 Bg7 8.
Bg2 Bd7 9. h3 Qc8 10. b3 O-O 11. Bb2 Rb8 12. Rb1 b5 13. Nd5 Nxd5 14. exd5 Bxb2
15. Rxb2 Na5 16. c3 Nb7 17. b4 a5 18. Qd2 Qc4 19. O-O Ra8 20. Rc1 Ra6 21. Nd4
Rc8 22. Nc6 Re8 23. Re1 e6 24. Bf1 Qxd5 25. Ne7+ Rxe7 26. Qxd5 exd5 27. Rxe7
Bc6 28. Bxb5 1-0

[Event "PolofMCR junior2016"]
[Site "?"]
[Date "2016.11.14"]
[Round "2.5"]
[White "Gloser, David"]
[Black "Eret, Tomas"]
[Result "1-0"]
[WhiteElo "1924"]
[BlackElo "2159"]
[PlyCount "59"]
[EventDate "2016.??.??"]

1. e4 e6 2. d4 d5 3. e5 c5 4. c3 Qb6 5. Nf3 Nc6 6. a3 c4 7. g3 Bd7 8. h4 Na5 9.
Nbd2 Ne7 10. Bh3 Nc8 11. Rb1 Qc7 12. O-O Nb6 13. Ne1 O-O-O 14. Ndf3 h6 15. Ng2
Be7 16. h5 Ba4 17. Qe2 Bb3 18. Nfh4 Qc6 19. Be3 Qa4 20. Rbc1 Qb5 21. f4 Kb8 22.
f5 Bxh4 23. Nxh4 Rde8 24. fxe6 fxe6 25. Ng6 Qd7 26. Rf2 Ba2 27. Ra1 Bb3 28. Re1
Qa4 29. Nf4 Qc6 30. Qg4 1-0

[Event "PolofMCR junior2016"]
[Site "?"]
[Date "2016.11.14"]
[Round "2.5"]
[White "Furbacher, Milan"]
[Black "Slovak, Kilian"]
[Result "0-1"]
[WhiteElo "1646"]
[BlackElo "2088"]
[PlyCount "56"]
[EventDate "2016.??.??"]

1. e4 c5 2. Nf3 Nc6 3. Bb5 g6 4. Bxc6 dxc6 5. d3 Bg7 6. h3 Nf6 7. Nc3 Nd7 8.
Be3 e5 9. O-O Qe7 10. Qd2 h6 11. Nh2 Nf8 12. f4 exf4 13. Bxf4 Ne6 14. Be3 Nd4
15. Rae1 Be6 16. b3 O-O-O 17. Ne2 Nxe2+ 18. Qxe2 g5 19. Rb1 b6 20. a3 h5 21.
Qd2 g4 22. hxg4 hxg4 23. g3 Rh3 24. Kg2 Rdh8 25. Rh1 f5 26. Qe2 Be5 27. Bf4
Bxf4 28. gxf4 Qh4 0-1

[Event "PolofMCR junior2016"]
[Site "?"]
[Date "2016.11.14"]
[Round "2.2"]
[White "Machan, Jan"]
[Black "Husek, Martin"]
[Result "1-0"]
[WhiteElo "2298"]
[BlackElo "2067"]
[PlyCount "49"]
[EventDate "2016.??.??"]

1. d4 Nf6 2. Nf3 e6 3. c4 b6 4. g3 Ba6 5. b3 Bb4+ 6. Bd2 Be7 7. Bg2 d5 8. Nc3
c6 9. O-O Nbd7 10. e4 dxc4 11. Qe2 b5 12. bxc4 bxc4 13. d5 cxd5 14. exd5 exd5
15. Nd4 Nc5 16. Rfe1 Bb7 17. Rab1 Kf8 18. Rxb7 Nxb7 19. Nc6 Qd7 20. Qxe7+ Qxe7
21. Nxe7 Re8 22. Ncxd5 Nxd5 23. Bxd5 a5 24. Bc1 Nd8 25. Ng6+ 1-0

[Event "PolofMCR junior2016"]
[Site "?"]
[Date "2016.11.14"]
[Round "2.9"]
[White "Miesbauer, Jan"]
[Black "Vasicek, Tomas"]
[Result "1-0"]
[WhiteElo "2217"]
[BlackElo "1974"]
[PlyCount "41"]
[EventDate "2016.??.??"]

1. d4 Nf6 2. c4 e6 3. g3 d5 4. Nf3 Be7 5. Bg2 O-O 6. O-O b6 7. Nc3 Bb7 8. Ne5
Nbd7 9. Qa4 Nxe5 10. dxe5 Ne8 11. cxd5 exd5 12. Nxd5 Bxd5 13. Rd1 c6 14. e4 Nc7
15. exd5 cxd5 16. Bf4 Re8 17. Rac1 Kf8 18. Qc2 Ne6 19. Qxh7 Bg5 20. Rxd5 Qb8
21. Rd7 1-0

[Event "PolofMCR junior2016"]
[Site "?"]
[Date "2016.11.14"]
[Round "2.10"]
[White "Kabelka, Ondrej"]
[Black "Kozusek, Daniel"]
[Result "0-1"]
[WhiteElo "2036"]
[BlackElo "2183"]
[PlyCount "74"]
[EventDate "2016.??.??"]

1. d4 Nf6 2. c4 g6 3. g3 Bg7 4. Bg2 d5 5. cxd5 Nxd5 6. e4 Nb6 7. Ne2 O-O 8. O-O
Nc6 9. d5 Na5 10. Nbc3 c6 11. b3 cxd5 12. exd5 Bg4 13. Bb2 Nac4 14. bxc4 Nxc4
15. Rb1 Nxb2 16. Rxb2 Bxc3 17. Rxb7 Qd6 18. Qd3 Bf6 19. Rc1 Rfc8 20. h3 Rxc1+
21. Nxc1 Bc8 22. Rb1 Bf5 23. Be4 Bxh3 24. Ne2 Bc8 25. Nd4 Ba6 26. Nb5 Bxb5 27.
Qxb5 Rc8 28. Kg2 Qc5 29. Bf3 Kg7 30. Qd7 Qc7 31. Qc6 Qd8 32. Qb7 Rc7 33. Qa6
Qc8 34. Qa4 Rc3 35. Rd1 Qc5 36. Rd2 h5 37. Qd7 h4 0-1

[Event "PolofMCR junior2016"]
[Site "?"]
[Date "2016.11.15"]
[Round "2.21"]
[White "Smid, Pavel"]
[Black "Krejca, Jakub"]
[Result "0-1"]
[WhiteElo "1695"]
[BlackElo "2007"]
[PlyCount "36"]
[EventDate "2016.??.??"]

1. e4 e6 2. d4 d5 3. Nd2 Nf6 4. e5 Nfd7 5. Bd3 c5 6. c3 Nc6 7. Ne2 Qb6 8. Nf3
cxd4 9. cxd4 Qb4+ 10. Qd2 Qxd2+ 11. Bxd2 Nb4 12. Bxb4 Bxb4+ 13. Nc3 Nb6 14. Nd2
Be7 15. Nb5 Kd8 16. Nc3 Re8 17. Rc1 Na4 18. Nb3 Nxb2 0-1

[Event "PolofMCR junior2016"]
[Site "?"]
[Date "2016.11.14"]
[Round "2.7"]
[White "Liska, Jiri"]
[Black "Caloun, Petr"]
[Result "1-0"]
[WhiteElo "2087"]
[BlackElo "1785"]
[PlyCount "59"]
[EventDate "2016.??.??"]

1. Nf3 d5 2. d4 Nf6 3. c4 e6 4. Nc3 Bb4 5. Qc2 Nc6 6. e3 Qe7 7. Bd3 e5 8. dxe5
Nxe5 9. Nxe5 Qxe5 10. Qa4+ c6 11. Qxb4 a5 12. Qb3 d4 13. Ne2 dxe3 14. Bxe3 Ng4
15. Bd4 Qb5 16. Qa3 Be6 17. f4 Qh5 18. O-O-O O-O-O 19. h3 Rxd4 20. hxg4 Qxg4
21. Nxd4 Qxf4+ 22. Kb1 Qxd4 23. Qc3 Qxc3 24. bxc3 h6 25. Rhf1 Rd8 26. Kc2 Kc7
27. a4 g6 28. Rde1 Kd7 29. Rf6 Ke7 30. Rexe6+ 1-0

[Event "PolofMCR junior2016"]
[Site "?"]
[Date "2016.11.14"]
[Round "2.16"]
[White "Havelka, Jan"]
[Black "Gemsa, Pavel"]
[Result "1-0"]
[WhiteElo "2193"]
[BlackElo "1991"]
[PlyCount "37"]
[EventDate "2016.??.??"]

1. e4 c5 2. Nc3 Nc6 3. f4 Qc7 4. Nf3 Qxf4 5. d4 Qc7 6. Nd5 Qd8 7. Bf4 d6 8.
dxc5 e5 9. Bg3 Nf6 10. Bh4 Bg4 11. c3 h6 12. Nxf6+ gxf6 13. Bc4 Be6 14. Bxe6
fxe6 15. Qb3 d5 16. Bxf6 Qxf6 17. Qxb7 Rd8 18. Qxc6+ Kf7 19. O-O 1-0

[Event "PolofMCR junior2016"]
[Site "?"]
[Date "2016.11.14"]
[Round "2.14"]
[White "Skalsky, Alexandr"]
[Black "Riha, Vojtech"]
[Result "1/2-1/2"]
[WhiteElo "1917"]
[BlackElo "2084"]
[PlyCount "123"]
[EventDate "2016.??.??"]

1. e4 c5 2. Nf3 e6 3. d4 cxd4 4. Nxd4 Nf6 5. Nc3 d6 6. g4 Be7 7. g5 Nfd7 8. h4
Nc6 9. Be3 a6 10. Qd2 Qc7 11. O-O-O b5 12. f4 Nc5 13. Bg2 Bb7 14. Kb1 Rc8 15.
Nxc6 Qxc6 16. Qd4 O-O 17. Ka1 Rfe8 18. h5 Bf8 19. g6 fxg6 20. hxg6 h6 21. Rh5
Na4 22. Nxa4 bxa4 23. Rd2 a3 24. e5 Qb5 25. Bxb7 Rc4 26. Qb6 Qxb6 27. Bxb6 Rb8
28. Bxa6 Rc6 29. Ba7 Rxb2 30. Bd3 d5 31. Bd4 Bb4 32. Rf2 Rc3 33. Rh3 Ba5 34.
Bxc3 Bxc3 35. Bf1 Bd4 36. c3 Rxf2 37. Ba6 Bb6 38. Kb1 Rb2+ 39. Ka1 d4 40. Rd3
Rf2 41. Kb1 Rb2+ 42. Ka1 Kf8 43. cxd4 Rb4 44. Rb3 Bxd4+ 45. Kb1 Rxb3+ 46. axb3
Be3 47. Ka2 Bxf4 48. Kxa3 Bxe5 49. Kb4 Ke7 50. Bd3 Kf6 51. Kc4 Kg5 52. Be4 Kf4
53. Kd3 h5 54. b4 h4 55. b5 h3 56. b6 Kg3 57. Ke2 Bd4 58. b7 Ba7 59. Bc6 e5 60.
Be4 Kg4 61. Bc6 Kg3 62. Be4 1/2-1/2

[Event "PolofMCR junior2016"]
[Site "?"]
[Date "2016.11.14"]
[Round "2.11"]
[White "Jelinek, Michal"]
[Black "Brejnik, Gustav"]
[Result "1-0"]
[WhiteElo "2162"]
[BlackElo "1998"]
[Annotator "Burda,Roman"]
[PlyCount "43"]
[EventDate "2016.??.??"]
[TimeControl "180"]

{460MB, Rybka4Gen.ctg, Roman-THINK} 1. e4 {[%emt 0:00:00]} c6 2. d4 d5 3. e5
Bf5 4. h4 h5 5. c4 e6 6. Nc3 Ne7 7. Nge2 c5 8. dxc5 Nbc6 9. Ng3 Bg6 10. Bg5
dxc4 11. Qa4 Qd4 12. Be3 Qxe5 13. O-O-O Nf5 14. Nxf5 Qxf5 15. g4 hxg4 16. Bg2
Rc8 17. Be4 Qe5 18. Bxc6+ bxc6 19. Rhe1 Bxc5 20. Bg5 Qf5 21. Qxc6+ Rxc6 22.
Rd8# 1-0

[Event "PolofMCR junior2016"]
[Site "?"]
[Date "2016.11.14"]
[Round "2.20"]
[White "Polansky, Adam Lubos"]
[Black "Krutsky, Martin"]
[Result "0-1"]
[WhiteElo "1810"]
[BlackElo "2050"]
[Annotator "Burda,Roman"]
[PlyCount "90"]
[EventDate "2016.??.??"]
[TimeControl "180"]

{460MB, Rybka4Gen.ctg, Roman-THINK} 1. d4 {[%emt 0:00:00]} Nf6 2. c4 g6 3. Nc3
Bg7 4. e4 d6 5. Bd3 O-O 6. Nge2 e5 7. d5 a5 8. O-O Nfd7 9. h3 Nc5 10. Bc2 Nbd7
11. Be3 Nb6 12. b3 f5 13. exf5 Bxf5 14. Bxf5 gxf5 15. f4 Nbd7 16. Qd2 Qe7 17.
Rad1 e4 18. Bd4 Nd3 19. Qe3 Rae8 20. Nb5 N7c5 21. Bxg7 Qxg7 22. Qg3 Rf7 23.
Qxg7+ Kxg7 24. Nbd4 h5 25. Nc1 Nxc1 26. Rxc1 Kf6 27. Rc2 Rg7 28. a3 Rg3 29. b4
Na6 30. Rb1 Rxa3 31. bxa5 Nc5 32. Nb5 Rxa5 33. Nxc7 Rg8 34. Nb5 Ra6 35. Nd4 Ra3
36. Kh2 Rd3 37. Ne2 Ra8 38. Rb6 Ra6 39. Rcb2 h4 40. Rxa6 bxa6 41. Rc2 a5 42. g3
hxg3+ 43. Nxg3 a4 44. Ne2 e3 45. Kg2 Rd2 0-1

[Event "PolofMCR junior2016"]
[Site "?"]
[Date "2016.11.14"]
[Round "2.22"]
[White "Sucharda, David"]
[Black "Sajdl, Jan"]
[Result "1/2-1/2"]
[WhiteElo "2006"]
[BlackElo "1687"]
[Annotator "Burda,Roman"]
[PlyCount "53"]
[EventDate "2016.??.??"]
[TimeControl "180"]

{460MB, Rybka4Gen.ctg, Roman-THINK} 1. d4 {[%emt 0:00:00]} Nf6 2. Nf3 d5 3. c4
e6 4. Bg5 Be7 5. Nc3 Nbd7 6. cxd5 exd5 7. e3 c6 8. Bd3 O-O 9. Qc2 Re8 10. Nd2
h6 11. Bh4 Qb6 12. O-O Nf8 13. Rab1 Bg4 14. b4 Rac8 15. Rfc1 a6 16. Qb3 Qd8 17.
h3 Bh5 18. Na4 b5 19. Nc5 Bxc5 20. Rxc5 N8d7 21. Rc2 Bg6 22. Rbc1 Bxd3 23. Qxd3
Re6 24. Nb3 Qe8 25. a4 Ne4 26. axb5 axb5 27. Qxb5 1/2-1/2

[Event "PolofMCR junior2016"]
[Site "?"]
[Date "2016.11.14"]
[Round "2.4"]
[White "Kanak, Filip"]
[Black "Hurdzan, Tomas"]
[Result "0-1"]
[WhiteElo "1980"]
[BlackElo "2196"]
[Annotator "Burda,Roman"]
[PlyCount "104"]
[EventDate "2016.??.??"]
[TimeControl "180"]

{460MB, Rybka4Gen.ctg, Roman-THINK} 1. e4 {[%emt 0:00:00]} c5 2. Nf3 d6 3. d4
cxd4 4. Nxd4 Nf6 5. Nc3 a6 6. Bg5 e6 7. f4 h6 8. Bxf6 Qxf6 9. Qd2 g5 10. g3
gxf4 11. gxf4 Qh4+ 12. Qf2 Qxf2+ 13. Kxf2 Bd7 14. Rg1 Nc6 15. Rd1 Rc8 16. Ke3
Nxd4 17. Kxd4 d5 18. Rg3 dxe4 19. Kxe4 Bc5 20. Kd3 Bc6 21. Bg2 Ke7 22. Bxc6
Rxc6 23. Ne4 Bb6 24. c3 Rd8+ 25. Ke2 Rxd1 26. Kxd1 Rc4 27. Nd2 Rxf4 28. Rh3 Rf6
29. Nc4 Bc7 30. Ke2 Rg6 31. Ne3 f5 32. Kf3 Kf6 33. Rh4 Kg5 34. Rb4 b5 35. a4
Bd6 36. Rb3 bxa4 37. Rb6 Bxh2 38. Rxa6 e5 39. Rxa4 e4+ 40. Kf2 Be5 41. Ra5 Re6
42. b4 h5 43. c4 f4 44. Nd5 Kg4 45. Ra8 Bd4+ 46. Ke1 Kf3 47. Rf8 Be5 48. b5 Rg6
49. b6 e3 50. Nxe3 Kxe3 51. Kf1 Rxb6 52. Re8 Rb1+ 0-1

[Event "PolofMCR junior2016"]
[Site "?"]
[Date "2016.11.14"]
[Round "2.12"]
[White "Novotny, Martin"]
[Black "Stepan, Patrik"]
[Result "0-1"]
[WhiteElo "1851"]
[BlackElo "2114"]
[Annotator "Burda,Roman"]
[PlyCount "124"]
[EventDate "2016.??.??"]
[TimeControl "180"]

{460MB, Rybka4Gen.ctg, Roman-THINK} 1. d4 {[%emt 0:00:00]} Nf6 2. c4 e6 3. g3
d5 4. Nf3 Be7 5. Bg2 O-O 6. O-O dxc4 7. Qc2 a6 8. Qxc4 b5 9. Qc2 Bb7 10. Bd2
Nbd7 11. Ba5 Rc8 12. Nbd2 Qe8 13. b4 Nb8 14. Ne5 Bxg2 15. Kxg2 Nd5 16. Qb3 Bd6
17. Ndf3 Nc6 18. Nxc6 Qxc6 19. Rac1 Qb7 20. Kg1 Nb6 21. Bxb6 cxb6 22. Nd2 Rc7
23. Qb2 Rfc8 24. a3 a5 25. Rxc7 Rxc7 26. bxa5 bxa5 27. Rb1 b4 28. axb4 Bxb4 29.
Nb3 Qc8 30. Qa2 Rc2 31. Rb2 Rxb2 32. Qxb2 Qc3 33. Qxc3 Bxc3 34. e3 a4 35. Nc1
g5 36. g4 h5 37. h3 f5 38. gxf5 exf5 39. Kg2 Kf7 40. Kf3 Ke6 41. Na2 Ba5 42. e4
Bb6 43. Ke3 f4+ 44. Kd3 g4 45. hxg4 hxg4 46. Nc1 a3 47. Na2 g3 48. fxg3 fxg3
49. Ke3 Bxd4+ 50. Kf3 Be5 51. Kg2 Kd6 52. Kf3 Kc5 53. Nc1 Kc4 54. Na2 Kb3 55.
Nc1+ Kc2 56. Na2 Kb2 57. Nb4 a2 58. Nd3+ Kb1 59. Nxe5 a1=Q 60. Ng4 Qc3+ 61. Kg2
Qc2+ 62. Kxg3 Qxe4 0-1

[Event "PolofMCR junior2016"]
[Site "?"]
[Date "2016.11.14"]
[Round "2.15"]
[White "Simet, Martin"]
[Black "Kuchar, Matej"]
[Result "1/2-1/2"]
[WhiteElo "2081"]
[BlackElo "1905"]
[Annotator "Burda,Roman"]
[PlyCount "93"]
[EventDate "2016.??.??"]
[TimeControl "180"]

{460MB, Rybka4Gen.ctg, Roman-THINK} 1. d4 {[%emt 0:00:00]} Nf6 2. Bg5 g6 3.
Bxf6 exf6 4. e3 Bg7 5. h4 h5 6. Bd3 d6 7. Ne2 Bg4 8. c3 Nc6 9. Nd2 Bxe2 10.
Qxe2 Qd7 11. b4 f5 12. g3 O-O 13. O-O Rfe8 14. Rfe1 d5 15. Qf3 Qd6 16. Rab1 Nb8
17. c4 c6 18. cxd5 cxd5 19. Rec1 Nd7 20. Bb5 Bf8 21. Nb3 Re7 22. Bxd7 Rxd7 23.
Nc5 Rc7 24. Nd3 Rac8 25. Rxc7 Rxc7 26. Nf4 Rd7 27. a3 Bh6 28. Nd3 Rc7 29. Rc1
Rc4 30. Kg2 b6 31. Qe2 Bf8 32. Rd1 a5 33. Ne5 Rc3 34. Qb2 axb4 35. axb4 Qxb4
36. Qxb4 Bxb4 37. Rb1 Ba5 38. Rb5 Rc2 39. Rxd5 Be1 40. Nd3 Bd2 41. Kf3 Ba5 42.
Ne5 Be1 43. Nd3 Ba5 44. Rb5 Rc3 45. Ne5 Rc2 46. Rb1 Kg7 47. Rb5 1/2-1/2

[Event "PolofMCR junior2016"]
[Site "?"]
[Date "2016.11.14"]
[Round "2.3"]
[White "Reznicek, Dominik"]
[Black "Hollan, Petr"]
[Result "0-1"]
[WhiteElo "2066"]
[BlackElo "2295"]
[PlyCount "92"]
[EventDate "2016.??.??"]

1. d4 Nf6 2. Nf3 e6 3. c4 Bb4+ 4. Bd2 a5 5. a3 Bxd2+ 6. Qxd2 b6 7. e3 O-O 8.
Nc3 Ba6 9. Be2 c6 10. O-O d5 11. cxd5 exd5 12. Rfe1 Nbd7 13. Rac1 Qe7 14. Bxa6
Rxa6 15. Qd3 Raa8 16. Qf5 b5 17. Ne2 Ra6 18. Nf4 Ne4 19. Nd3 g6 20. Qf4 Nd6 21.
Nfe5 Nxe5 22. Qxe5 Qd8 23. b3 Rb6 24. Nc5 a4 25. bxa4 Nc4 26. Qg3 bxa4 27. Nxa4
Ra6 28. Nc5 Rxa3 29. Ra1 Qa5 30. Rxa3 Qxa3 31. Nd7 Ra8 32. h3 Qe7 33. Nc5 Kg7
34. Qg4 Ra7 35. Qf4 h6 36. g3 Nd2 37. Kg2 g5 38. Qf5 Nc4 39. Rd1 Qxe3 40. fxe3
Nxe3+ 41. Kg1 Nxf5 42. Rd3 Ra2 43. Nb3 Nd6 44. Nc5 Nb5 45. Nb3 Rc2 46. Nc5 Nxd4
0-1

[Event "PolofMCR junior2016"]
[Site "?"]
[Date "2016.11.14"]
[Round "2.1"]
[White "Pulpan, Jakub"]
[Black "Dolansky, Lukas"]
[Result "1-0"]
[WhiteElo "2396"]
[BlackElo "2079"]
[PlyCount "73"]
[EventDate "2016.??.??"]

1. e4 e5 2. Nf3 Nc6 3. Be2 g6 4. c3 Bg7 5. d4 d6 6. O-O Nge7 7. h3 O-O 8. d5
Nb8 9. c4 f5 10. Nc3 Nd7 11. Ng5 Nf6 12. exf5 Nxf5 13. Nge4 Qe7 14. Nxf6+ Bxf6
15. Ne4 Bg7 16. Bg5 Qe8 17. c5 h6 18. Bd2 Qe7 19. cxd6 cxd6 20. Bb4 Rd8 21. Rc1
b6 22. Bb5 Nd4 23. Bc6 Rb8 24. Re1 Bf5 25. Nxd6 Rxd6 26. Qxd4 Qg5 27. Qe3 Qxe3
28. fxe3 Rf6 29. e4 Bc8 30. Be7 Rf7 31. Bd6 Rbb7 32. Bxb7 Bxb7 33. Rc7 Ba6 34.
Rxf7 Kxf7 35. Rc1 Bd3 36. Rc7+ Kg8 37. Ba3 1-0

[Event "PolofMCR junior2016"]
[Site "?"]
[Date "2016.11.14"]
[Round "2.18"]
[White "Vystrcil, Martin"]
[Black "Kovarik, Matyas"]
[Result "1/2-1/2"]
[WhiteElo "2072"]
[BlackElo "1853"]
[Annotator "Burda,Roman"]
[PlyCount "77"]
[EventDate "2016.??.??"]
[TimeControl "180"]

{460MB, Rybka4Gen.ctg, Roman-THINK} 1. e4 {[%emt 0:00:00]} e6 2. d4 d5 3. Nd2
c5 4. Ngf3 Nc6 5. c3 cxd4 6. cxd4 dxe4 7. Nxe4 Bb4+ 8. Bd2 Bxd2+ 9. Qxd2 Nf6
10. Nc3 O-O 11. Bc4 Ne7 12. O-O b6 13. Rfd1 Bb7 14. Ne5 Rc8 15. Rac1 Ned5 16.
Nxd5 Nxd5 17. Ng4 Qd6 18. f3 Qb4 19. Qxb4 Nxb4 20. Ne3 Rfd8 21. a3 Nd5 22. Nxd5
exd5 23. Bb3 f6 24. Kf2 Kf7 25. Re1 Re8 26. Rxe8 Rxc1 27. Rb8 Ba6 28. Bxd5+ Kg6
29. Kg3 Rd1 30. Rd8 Kh6 31. Be4 Rd2 32. Rd7 Bf1 33. f4 a5 34. b4 axb4 35. axb4
Rb2 36. d5 Rxb4 37. Bf3 Rd4 38. Rb7 b5 39. Rb6 1/2-1/2

[Event "PolofMCR junior2016"]
[Site "?"]
[Date "2016.11.14"]
[Round "2.19"]
[White "Nosek, Jan"]
[Black "Hons, Tomas"]
[Result "1-0"]
[WhiteElo "1885"]
[BlackElo "2065"]
[Annotator "Burda,Roman"]
[PlyCount "61"]
[EventDate "2016.??.??"]
[TimeControl "180"]

{460MB, Rybka4Gen.ctg, Roman-THINK} 1. e4 {[%emt 0:00:00]} c5 2. Nf3 e6 3. d4
cxd4 4. Nxd4 Nc6 5. Nc3 Qc7 6. g3 a6 7. Bg2 d6 8. O-O Bd7 9. Re1 Be7 10. Nxc6
Bxc6 11. Qg4 h5 12. Qe2 h4 13. a4 hxg3 14. hxg3 Nf6 15. a5 Rc8 16. Be3 Nd7 17.
Bd4 Kf8 18. b4 Bf6 19. Bxf6 Nxf6 20. b5 Bd7 21. Ra3 Qc5 22. Rb3 axb5 23. Nxb5
Rh5 24. c4 Re5 25. Qd3 d5 26. cxd5 Nxd5 27. Rd1 Nf6 28. Nd6 Rb8 29. Rxb7 Rxb7
30. Nxb7 Bb5 31. Qd8+ 1-0

[Event "PolofMCR junior2016"]
[Site "?"]
[Date "2016.11.14"]
[Round "2.17"]
[White "Horak, Martin"]
[Black "Ludvik, Tomas"]
[Result "1-0"]
[WhiteElo "2159"]
[BlackElo "1955"]
[Annotator "Burda,Roman"]
[PlyCount "63"]
[EventDate "2016.??.??"]
[TimeControl "180"]

{460MB, Rybka4Gen.ctg, Roman-THINK} 1. d4 {[%emt 0:00:00]} Nf6 2. c4 e6 3. Nf3
d5 4. Nc3 Nbd7 5. Bg5 Be7 6. e3 O-O 7. Qc2 c6 8. cxd5 exd5 9. Bd3 Re8 10. O-O-O
Nf8 11. Ne5 N6d7 12. Nxd7 Bxd7 13. Bf4 Rc8 14. Kb1 b5 15. h4 Qa5 16. Rc1 Be6
17. Qb3 a6 18. g4 c5 19. dxc5 Rxc5 20. Bf5 Rec8 21. Be5 Rc4 22. Bd4 Nd7 23.
Rcd1 Nc5 24. Bxc5 R8xc5 25. Ne2 Bf6 26. Nd4 Rb4 27. Qd3 Rcc4 28. a3 Bxf5 29.
gxf5 Ra4 30. Nb3 Qb6 31. Qxd5 Rxh4 32. Qa8+ 1-0